Επιχειρηματικές συστάδες και πολιτιστικός τουρισμός : η περίπτωση της Αιτωλοακαρνανίας
Saved in:
| Main Author: | |
|---|---|
| Corporate Author: | |
| Other Authors: | |
| Format: | Thesis Book |
| Language: | Greek |
| Published: |
2010
|
| Subjects: | |
| Online Access: | http://hdl.handle.net/11610/11540 |
| Tags: |
Add Tag
No Tags, Be the first to tag this record!
|
MARC
| LEADER | 00000cam a2200000 i 4500 | ||
|---|---|---|---|
| 001 | 1/20257 | ||
| 008 | 120606s2010 gre d | ||
| 035 | |l 10112674 | ||
| 040 | |a GR-MY-UA |b gre |e aacr | ||
| 041 | 0 | |a gre | |
| 082 | 0 | |a 338.479149518 |2 (22) | |
| 100 | 1 | |a Καλαμπόκη, Γκόλφω. | |
| 245 | 1 | 0 | |a Επιχειρηματικές συστάδες και πολιτιστικός τουρισμός : |b η περίπτωση της Αιτωλοακαρνανίας / |c Καλαμπόκη Γκόλφω ; καθηγητής: Λαγός δημήτριος |
| 260 | |c 2010 | ||
| 300 | |a 94 σ.; |c 30 εκ. | ||
| 502 | |a Διατριβή (μεταπτυχιακή) – Πανεπιστήμιο Αιγαίου, Χίος, 2010. | ||
| 504 | |a Περιλαμβάνει βιβλιογραφία | ||
| 650 | 0 | 0 | |a Business networks. |
| 650 | 0 | 0 | |a Industrial clusters. |
| 650 | 0 | 0 | |a Hospitality industry |x Economic aspects. |
| 650 | 0 | 0 | |a Heritage tourism |z Greece |z Aitolia and Acarnania. |
| 650 | 0 | 0 | |a Dissertations, Academic |z Greece. |
| 700 | 1 | |4 ths |a Λαγός, Δημήτρης Γ. | |
| 710 | 2 | |a Πανεπιστήμιο Αιγαίου |b Σχολή Επιστημών της Διοίκησης |b Τμήμα Διοίκησης Επιχειρήσεων |b Πρόγραμμα Μεταπτυχιακών Σπουδών "Σχεδιασμός, Διοίκηση και Πολιτική του Τουρισμού". | |
| 852 | |a INST |b CHIOS |c DIATR |e 20120608 |h 338.479149518 ΚΑΛ |p 005200032558 |q 005200032558 |t MTXE |y 23 | ||
| 852 | |a INST |b CHIOS |c DIATR |e 20120606 |h 338.479149518 ΚΑΛ |p 005200032559 |q 005200032559 |t MTXE |y 23 | ||
| 856 | |u http://hdl.handle.net/11610/11540 | ||
| 901 | |a BIBL2-2012-2 | ||
| 909 | |a Χ |b 169255 | ||
| 909 | |a Χ |b 169256 | ||
| 924 | |a ΚΑΛΑΜΠΟΚΗ |b ΓΚΟΛΦΩ |y ΧΙΟΣ |z 2010-03 | ||
| 970 | |a ΠΑΡΟΙΚΑΚΗ |b ΒΑΣΙΛΙΚΗ |z 2012/06/06 | ||